A-Z Body Parts - Statistics

General Stats
  • This quiz has been taken 189 times
  • The average score is 19 of 26
Answer Stats
Hint Answer % Correct
B What controls your whole body Brain
96%
A The joint connecting the leg to they foot Ankle
89%
J Part of the mouth that alows you to chew Jaw
87%
I The part of the eye that controls the amount of light entering the eye Iris
86%
F A large thigh bone in animals Femur
85%
M The tissues that allow you to move Muscles
85%
D What contains genes to tell the body what to be like DNA
84%
R Where an image forms in the eye Retina
83%
S Contains acid to digest food Stomach
83%
H Part of the foot Heel
82%
K Main joint in the leg Knee
82%
L Where the blood is detoxified Liver
82%
W Connecting the hand to the arm Wrist
82%
N Your belly button Navel
76%
G The organ that produces bile Gall Bladder
75%
P The organ that produes hormones like insulin Pancreas
75%
E Hairs to block sweat from getting in the eye Eyebrows
70%
V Blood vessels that lead blood to the heart Veins
70%
Q Muscles on the leg that are worked when doing squats Quads
68%
T Receptors on the tongue Taste Buds
68%
U Tube down which urine exits the body Urethra
66%
Z A fertilised egg cell Zygote
62%
Y A colour of fatty marrow at the end of bones Yellow Marrow
59%
O Where the food travels down to your stomach Oesophagus
42%
C The blood vessels that supply the heart with oxygen Coronary
27%
X Yellow pigments that occur widely in nature Xantho
5%
No matching quizzes found
Score Distribution
Percent of People with Each Score
Percentile by Number Answered
Your Score History
You have not taken this quiz